Countries With Weird Laws - Statistics

General Stats
  • This quiz has been taken 31 times
  • The average score is 10 of 20
Answer Stats
Hint Answer % Correct
Classifying kites as an aircraft India
82%
Illegal to handle salmon suspiciously United Kingdom
82%
Its illegal to possess 50 kilograms of potatoes Australia
79%
Do not wear shoes secured with nails Russia
79%
Babies are considered 1 year old when they're born South Korea
79%
Prohibits flying saucers from parking France
75%
No sandcastles on some beaches Spain
75%
Granted a river legal rights of a human being New Zealand
64%
Prohibition to pee in the sea Portugal
57%
No wearing headphones while driving Chile
46%
Restrictions on distributing religious materials, especially Bibles Morocco
39%
Don't take the local currency outside of the country Nepal
39%
Banned Mickey Mouse Romania
36%
Illegal to drink (even water) and eat while driving Cyprus
32%
Prohibits drivers from wearing flip-flops while driving Oman
32%
Illegal to mow your lawn on a Sunday Slovenia
32%
Illegal to whistle or sing loudly in public Albania
29%
Illegal for civilians to wear camouflage or camouflaged accessories Jamaica
25%
Potential imprisonment of a man forgetting his wife's birthday Samoa
25%
Smoking indoors is banned and frowned upon Uruguay
25%
No matching quizzes found
Score Distribution
Percent of People with Each Score
Percentile by Number Answered
Your Score History
You have not taken this quiz